Jednoúčelové heslá

Gespeichert in:
Bibliographische Detailangaben
1. Verfasser: Prichocká, Michaela, 1990- (Verfasst von)
Weitere Verfasser: Jókay, Matúš, 1979- (Betreuung Doktorarbeit)
Format: Manuskript Buch
Sprache:Slowakisch
Veröffentlicht: Bratislava : STU v Bratislave FEI, 2013
Schlagworte:
Online-Zugang:VAIS
Tags: Tag hinzufügen
Keine Tags, Fügen Sie das erste Tag hinzu!

MARC

LEADER 00000ntm a22000003a 4500
001 stu271054
005 20150617230238.1
008 130716s2013----xo------------------slo-d
040 |a STU  |b slo 
041 0 |a slo 
044 |a xo 
100 1 |a Prichocká, Michaela,  |d 1990-  |4 aut  |u E  |T FEI Fakulta elektrotechniky a informatiky  |X 6028  |U E  |Y 30  |7 A000006028 
242 0 0 |a Single purpose passwords  |y eng 
245 1 |a Jednoúčelové heslá 
260 |a Bratislava :  |b STU v Bratislave FEI,  |c 2013 
300 |a 38 s  |c CD-ROOM 
650 7 |a Aplikovaná informatika  |2 stusub 
650 7 |a Applied Informatics  |2 estusub 
700 1 |a Jókay, Matúš,  |d 1979-  |4 ths  |u E050  |U FEI Fakulta elektrotechniky a informatiky  |T FEI Ústav informatiky a matematiky  |X 10139  |U E050  |Y 816  |7 A000010139 
856 4 |a info a plný text  |u http://is.stuba.sk/zp/portal_zp.pl?podrobnosti=78063  |3 VAIS 
996 |b 284ER01150  |c E*Bc-1150  |l EE35  |s P  |a 0  |w stu271054_0001